Vista normal Vista MARC

Entrada Topical Term

Número de registros utilizados en: 12

001 - CONTROL NUMBER

  • control field: 6926

003 - CONTROL NUMBER IDENTIFIER

  • control field: OSt

005 - DATE AND TIME OF LATEST TRANSACTION

  • control field: 20200709143101.0

008 - FIXED-LENGTH DATA ELEMENTS

  • fixed length control field: 200709|| aca||aabn | a|a d

040 ## - CATALOGING SOURCE

  • Original cataloging agency: OSt
  • Transcribing agency: OSt

150 ## - HEADING--TOPICAL TERM

  • Topical term or geographic name entry element: Política monetaria
  • Geographic subdivision: Colombia

670 ## - SOURCE DATA FOUND

  • Source citation: Work cat.: (OSt)6367: Carrasquilla, Alberto, autor 6925, Estancamiento : , 2002.